000 00479nam a2200169Ia 4500
999 _c3671
_d3671
003 GBCCL
005 20241126110500.0
008 171201b xxu||||| |||| 00| 0 eng d
040 _cgbc
082 _aVER 253.0922
_bNEN
100 _aNengsong, H.
_97266
245 _aConvention Naseem Pastorte tanchin (Kum 1910-2010) /
_cH. Nengsong
260 _bAuthor,
_aHiangtam Lamka:
_c2011
300 _a191p.;
_bill.,
_c22 cm.
650 _aPastors
_vBiographies
_97280
942 _2ddc
_cBK
_01